书目信息 |
| 题名: |
怎样开展学校体育工作
|
|
| 作者: | ;《学校体育丛书》编委会 | |
| 分册: | ||
| 出版信息: | 上海 上海教育出版社 1984.08 |
|
| 页数: | 190页 | |
| 开本: | 19cm | |
| 丛书名: | 学校体育丛书 | |
| 单 册: | ||
| 中图分类: | G812.5 | |
| 科图分类: | ||
| 主题词: | 体育事业--世界 | |
| 电子资源: | ||
| ISBN: | ||
| 000 | 00743nam0 2200229 450 | |
| 001 | 0855084901 | |
| 005 | 20081007152117.51 | |
| 010 | @dCNY0.58 | |
| 091 | @a7150.3154 | |
| 100 | @a20081007d1984 km y0chiy0120 ea | |
| 101 | 0 | @achi |
| 102 | @aCN@b310000 | |
| 200 | 1 | @a怎样开展学校体育工作@Azen yang kai zhan xue xiao ti yu gong zuo@f《学校体育丛书》编委会@F《xue xiao ti yu cong shu》bian wei hui |
| 210 | @a上海@c上海教育出版社@d1984.08 | |
| 215 | @a190页@d19cm | |
| 225 | 2 | @a学校体育丛书 |
| 410 | 0 | @12001 @a学校体育丛书 |
| 606 | 0 | @a体育事业@x世界 |
| 690 | @aG812.5@v4 | |
| 711 | 02 | @a《学校体育丛书》编委会@A《xue xiao ti yu cong shu》bian wei hui |
| 801 | 0 | @aCN@b大连网信软件有限公司图书馆·11@c20081007 |
| 905 | @aBZT@dG812.5@e16 | |
| 怎样开展学校体育工作/《学校体育丛书》编委会.-上海:上海教育出版社,1984.08 |
| 190页;19cm.-(学校体育丛书) |
| ISBN :CNY0.58 |
| ● |
| 相关链接 |
|
|
|
正题名:怎样开展学校体育工作
索取号:G812.5/16
 
预约/预借
| 序号 | 登录号 | 条形码 | 馆藏地/架位号 | 状态 | 备注 |
| 1 | 030357 | 201255701 | 中心书库北库/ 北库026架A面3列5层53/ [索取号:G812.5/16] | 在馆 | |
| 2 | 030358 | 201255710 | 中心书库北库/ 北库026架A面3列5层54/ [索取号:G812.5/16] | 在馆 |